000 00513nam a2200145 a 4500
001 000027490
005 20210420095436.0
008 110401s1988 dr a 000 0 spa d
040 _aDO-SdBNP
_bspa
_cBNPHU
100 1 _a García Arévalo, Manuel Antonio
_d1948-
_959457
245 1 0 _aIndigenismo, arqueología e identidad nacional /
_cManuel A. García Arévalo.
260 _aSanto Domingo :
_bMuseo del Hombre Dominicano;
_bFundación García Arévalo,
_c1988.
300 _a38 p. :
_bil. ;
_c23 cm.
049 _aBNPD
999 _c26982
_d26982